|
|
|
|
| LEADER |
00000nam0a2200000 4500 |
| 001 |
376036 |
| 005 |
20231102012804.0 |
| 035 |
|
|
|a (RuTPU)RU\TPU\retro\33475
|
| 035 |
|
|
|a RU\TPU\book\251658
|
| 090 |
|
|
|a 376036
|
| 100 |
|
|
|a 20221221d1951 km y0rusy50 ca
|
| 101 |
0 |
|
|a rus
|
| 102 |
|
|
|a RU
|
| 105 |
|
|
|a a z 001zy
|
| 200 |
1 |
|
|a По следам залежей нефти и угля
|e популярные очерки из истории открытий
|f Ф. Д. Бублейников
|
| 210 |
|
|
|a Москва
|c Гостоптехиздат
|d 1951
|
| 215 |
|
|
|a 335 с.
|c ил.
|
| 317 |
|
|
|5 63413507: КР-439
|a Поступила в НТБ в 2004 г. в составе книжного собрания профессора ТПИ К. В. Радугина.
|
| 320 |
|
|
|a Библиогр.: с. 333-334.
|
| 330 |
|
|
|a Предлагаемые вниманию читателя популярные очерки из истории открытий нефти, угля и газа рассчитаны на широкий круг лиц, интересующихся природными богатствами нашей страны. В книге история открытий нефти, угля и газа изложена в тесной связи с развитием техники, промышленности и геологическим познанием обширных территорий СССР.
|
| 606 |
1 |
|
|a Горючие ископаемые
|x Месторождения
|x Поиски и разведка
|2 stltpush
|3 (RuTPU)RU\TPU\subj\8326
|9 35766
|
| 610 |
1 |
|
|a нефть
|
| 610 |
1 |
|
|a уголь
|
| 610 |
1 |
|
|a газ
|
| 610 |
1 |
|
|a СССР
|
| 610 |
1 |
|
|a геологическая изученность
|
| 610 |
1 |
|
|a каменноугольные бассейны
|
| 610 |
1 |
|
|a библиотека К. В. Радугина
|
| 675 |
|
|
|a 553.9
|v 3
|
| 700 |
|
1 |
|a Бублейников
|b Ф. Д.
|
| 801 |
|
1 |
|a RU
|b 63413507
|c 20130124
|
| 801 |
|
2 |
|a RU
|b 63413507
|c 20221221
|g RCR
|
| 942 |
|
|
|c BK
|